000
00319nam a22001337a 4500
008
170731b xxu||||| |||| 00| 0 eng d
020
_a
0139370463
041
_a
eng
080
_a
004
100
_a
32
101
_a
SHK
245
_a
UNDERSTANDING AND SELECTING SMALL BUSINESS COMPUTERS
_c
GIBSON,G.A
942
_2
udc
_c
BK
999
_c
22277
_d
22277